<?xml version="1.0" encoding="UTF-8"?>
<record
    xmlns:xsi="http://www.w3.org/2001/XMLSchema-instance"
    xsi:schemaLocation="http://www.loc.gov/MARC21/slim http://www.loc.gov/standards/marcxml/schema/MARC21slim.xsd"
    xmlns="http://www.loc.gov/MARC21/slim">

  <leader>00818nam1a22002291i 4500</leader>
  <controlfield tag="001">rc\2954522</controlfield>
  <controlfield tag="005">20240723223528.0</controlfield>
  <datafield tag="035" ind1=" " ind2=" ">
    <subfield code="a">(NLR Aleph) 007101817</subfield>
  </datafield>
  <datafield tag="090" ind1=" " ind2=" ">
    <subfield code="a">6678448</subfield>
    <subfield code="c">6678448</subfield>
  </datafield>
  <datafield tag="100" ind1=" " ind2=" ">
    <subfield code="a">20110831d1934    |||y0rusy50      ca</subfield>
  </datafield>
  <datafield tag="101" ind1="0" ind2=" ">
    <subfield code="a">rus</subfield>
  </datafield>
  <datafield tag="102" ind1=" " ind2=" ">
    <subfield code="a">RU</subfield>
  </datafield>
  <datafield tag="105" ind1=" " ind2=" ">
    <subfield code="a">y   z   |||||</subfield>
  </datafield>
  <datafield tag="200" ind1="1" ind2=" ">
    <subfield code="a">&#x42D;&#x43B;&#x435;&#x43A;&#x442;&#x440;&#x43E;&#x43D;&#x43D;&#x430;&#x44F; &#x442;&#x435;&#x43E;&#x440;&#x438;&#x44F;</subfield>
    <subfield code="e">&#x41A;&#x43E;&#x43D;&#x441;&#x43F;&#x435;&#x43A;&#x442; &#x43B;&#x435;&#x43A;&#x446;&#x438;&#x439;</subfield>
    <subfield code="f">&#x41F;&#x440;&#x43E;&#x444;. &#x410;.&#x41A;. &#x422;&#x438;&#x43C;&#x438;&#x440;&#x44F;&#x437;&#x435;&#x432;</subfield>
    <subfield code="g">1 &#x41C;&#x43E;&#x441;&#x43A;. &#x443;&#x43D;-&#x442;. &#x424;&#x438;&#x437;. &#x444;&#x430;&#x43A;-&#x442;</subfield>
  </datafield>
  <datafield tag="210" ind1=" " ind2=" ">
    <subfield code="a">&#x41C;&#x43E;&#x441;&#x43A;&#x432;&#x430;</subfield>
    <subfield code="c">&#x411;. &#x438;.</subfield>
    <subfield code="d">1934</subfield>
    <subfield code="g">&#x441;&#x442;&#x435;&#x43A;&#x43B;&#x43E;&#x433;&#x440;&#x430;&#x444;&#x438;&#x44F; &#x422;&#x41C;&#x41F; &#x414;&#x437;&#x435;&#x440;&#x436;&#x438;&#x43D;. &#x440;&#x430;&#x439;&#x441;&#x43E;&#x432;.</subfield>
  </datafield>
  <datafield tag="215" ind1=" " ind2=" ">
    <subfield code="d">30&#x445;21 &#x441;&#x43C;</subfield>
  </datafield>
  <datafield tag="300" ind1=" " ind2=" ">
    <subfield code="a">&#x421;&#x442;&#x435;&#x43A;&#x43B;&#x43E;&#x433;&#x440;. &#x438;&#x437;&#x434;.</subfield>
  </datafield>
  <datafield tag="700" ind1=" " ind2="1">
    <subfield code="a">&#x422;&#x438;&#x43C;&#x438;&#x440;&#x44F;&#x437;&#x435;&#x432;</subfield>
    <subfield code="b">&#x410;.&#x41A;.</subfield>
    <subfield code="f">1880-</subfield>
    <subfield code="g">&#x410;&#x440;&#x43A;&#x430;&#x434;&#x438;&#x439; &#x41A;&#x43B;&#x438;&#x43C;&#x435;&#x43D;&#x442;&#x43E;&#x432;&#x438;&#x447;</subfield>
  </datafield>
  <datafield tag="801" ind1=" " ind2="0">
    <subfield code="a">RU</subfield>
    <subfield code="b">NLR</subfield>
    <subfield code="g">psbo</subfield>
  </datafield>
  <datafield tag="801" ind1=" " ind2="1">
    <subfield code="a">RU</subfield>
    <subfield code="b">ELAR</subfield>
    <subfield code="2">rusmarc</subfield>
  </datafield>
  <datafield tag="852" ind1=" " ind2=" ">
    <subfield code="a">NLR</subfield>
    <subfield code="j">34-20/86(2)</subfield>
  </datafield>
  <datafield tag="942" ind1=" " ind2=" ">
    <subfield code="c">BOOK</subfield>
  </datafield>
</record>
